000 00344nam a22001337a 4500
008 250320b |||||||| |||| 00| 0 eng d
020 _a0194513513
050 _aPE1128
_b.M54
100 _aMcMahon, Keely
245 _aReading and Thinking in English
260 _aNew York
_bOxford University Press
_c1980
300 _axiii, 108p.
942 _cBK
999 _c2536
_d2536